Normal view MARC view

Entry Personal Name

Number of records used in: 1

001 - CONTROL NUMBER

  • control field: 9144

003 - CONTROL NUMBER IDENTIFIER

  • control field: DLC

005 - DATE AND TIME OF LATEST TRANSACTION

  • control field: 20221003133038.0

008 - FIXED-LENGTH DATA ELEMENTS

  • fixed length control field: 850301n| acannaab| |n aaa |||

010 ## - LIBRARY OF CONGRESS CONTROL NUMBER

  • LC control number: n 85048253

040 ## - CATALOGING SOURCE

  • Original cataloging agency: DLC
  • Transcribing agency: DLC
  • Modifying agency: DLC

100 10 - HEADING--PERSONAL NAME

  • Personal name: Fennema, Owen R.

670 ## - SOURCE DATA FOUND

  • Source citation: Food chemistry, c1985:
  • Information found: CIP t.p. (Owen R. Fennema; Dept. of Food Science, Univ. of Wis.-Madison) data sheet (b. 1/29/29)

670 ## - SOURCE DATA FOUND

  • Source citation: LC data base, 2-26-85
  • Information found: (hdg.: Fennema, Owen R.)

Powered by Koha